000
00297nam a22001337a 4500
020
_a
817826166-9
082
_a
823
_b
DIC/D
100
_a
CHARLES DICKENS
245
_a
DAVID COPPERFIELD
260
_a
DELHI
_b
ROHAN BOOK COMPANY
300
_a
203
650
_a
MODERN ILLUSTRATED CLASSICS
942
_c
BK
999
_c
406
_d
406